El uso de las ciudades y de las viviendas

I tiakina i:
Ngā taipitopito rārangi puna kōrero
Kaituhi matua: Browne, Enrique (Author)
Hōputu: Pukapuka
Reo:Pāniora
I whakaputaina: Buenos Aires SIAP 1978
Ngā marau:
Ngā Tūtohu: Tāpirihia he Tūtohu
Kāore He Tūtohu, Me noho koe te mea tuatahi ki te tūtohu i tēnei pūkete!

MARC

LEADER 00000nam a2200000 a 4500
001 UCT0875
003 CL-VaPUC
008 960913e19780000AG |||||||||||||||||spa|d
082 0 4 |a 711.4  |b BRO  |2 21 
100 0 |a Browne, Enrique  |e author  |9 369435 
245 1 3 |a El uso de las ciudades y de las viviendas 
300 |a 382 p 
942 |c BK 
945 |d 19960913 00:00:00  |a nastorga 
260 |a Buenos Aires  |b SIAP  |c 1978 
650 0 |a Ciudades  |9 265474 
650 0 |a Viviendas   |9 255326 
650 0 |a Construcción de viviendas   |9 266842 
650 0 |a Sociedad  |9 307903 
650 0 |a Planificación urbana   |9 258176 
650 7 |a ESTRUCTURA URBANA  |2 CL-VaPUC  |9 266213 
650 7 |a MEDIOS URBANOS  |2 CL-VaPUC  |9 369436 
650 0 |a Arquitectura  |9 804558 
583 |a last modification  |c 19960913 00:00:00  |k Rodrigo Vera 
999 |c 251567  |d 251565 
952 |0 0  |1 0  |4 0  |6 711_400000000000000_BRO_1978  |7 0  |8 P  |9 270831  |a BIBARQ  |b BIBARQ  |d 2019-11-19  |i 3229807  |o 711.4 BRO 1978  |p 3229807  |r 2025-01-20  |w 2019-11-19  |y BK  |k ARQ 
952 |0 0  |1 0  |4 0  |6 711_400000000000000_BRO_1978  |7 0  |8 A  |9 270832  |a BIBENE  |b BIBENE  |d 2019-11-19  |i 1983806  |o 711.4 BRO 1978  |p 1983806  |r 2025-01-15  |w 2019-11-19  |y BK  |k ICO 
952 |0 0  |1 0  |4 0  |6 711_400000000000000_BRO_1978  |7 0  |8 P  |9 270833  |a BIBARQ  |b BIBARQ  |d 2019-11-19  |i 4127293  |o 711.4 BRO 1978  |p 4127293  |r 2025-01-20  |w 2019-11-19  |y BK  |k ARQ